00950nam a2200193 i 4500001000700000003000900007005001700016008004100033080001900074100003600093245036400129260005500493300001900548530003500567650001100602700003500613852003900648856006900687187480ES-MaACL20230906222935.0170822s1786 sp |||| | spa d a616.98:578.8241 aLeroux, Laurent-Charles-Pierre.10aDisertacion acerca de la rabia : bespontanea o de causa interna, y de causa externa o comunicada por la mordedura de animales rabiosos... /cescrita en francés por Mr. Le-Roux... ; traducida al castellano, ilustrada con un discurso en que se expone la descripcion de la rabia del hombre y de los animales... por el Doctor Don Bartholomé Piñera y Siles. aMadrid : bEn la Imp. de D. Josef Doblado, c1786. a288 p. ; ccm. aDisponible en formato digital. 4aRabia.1 aPiñera y Siles, Bartolomé. aES-MaACLjR-1386 x Olim: G-15140 uhttps://archive.org/details/b28761637/page/n6 zInternet Archive